Vista normal Vista MARC

Entrada Geographic Name

Número de registros utilizados en: 2

001 - CONTROL NUMBER

  • control field: 65086

003 - CONTROL NUMBER IDENTIFIER

  • control field: OSt

005 - DATE AND TIME OF LATEST TRANSACTION

  • control field: 20250923140539.0

008 - FIXED-LENGTH DATA ELEMENTS

  • fixed length control field: 250923|| aca||aabn | a|a d

040 ## - CATALOGING SOURCE

  • Original cataloging agency: OSt
  • Transcribing agency: OSt

151 ## - HEADING--GEOGRAPHIC NAME

  • Geographic name: Europa
  • Chronological subdivision: Descripciones y viajes

670 ## - SOURCE DATA FOUND

  • Source citation: Work cat.: (OSt)51675: Santander, Francisco de Paula 1792-1840. autor, Santander en Europa:









Instituto Departamental de Cultura del Meta - Red Departamental de Bibliotecas Públicas del Meta.